| 000 | 01229nam a2200265 a 4500 | ||
|---|---|---|---|
| 001 | 000000572 | ||
| 003 | OSt | ||
| 005 | 20260321073637.0 | ||
| 008 | 081127s1992 dr 000 0 spa d | ||
| 040 |
_aDO-SdBNP _bspa _cBNPHU |
||
| 082 |
_a959.7043 _bB742v, 1992 |
||
| 100 | 1 |
_a Bosch, Juan, _d1909-2001 _976555 |
|
| 245 | 1 | 0 |
_aViaje a los antípodas / _cJuan Bosch. |
| 250 | _a5a ed. | ||
| 260 |
_aSanto Domingo : _bAlfa & Omega, _c1992. |
||
| 300 |
_a239 p. ; _c21 cm. |
||
| 500 | _aIncluye información del autor en la contra cubierta | ||
| 505 | 0 |
_tAsia y el sudeste asiático -- _tViaje a los antípodas -- _tLos papeles del pentágono -- _tLa teoría del dominó -- _tEl papel del mentiroso -- _tEl hombre clave de los Estados Unidios en Viet Nam del Sur -- _t¿Quién provocó la guerra de Viet Nam del Sur? -- _tLos años de Kennedy -- _tComentarios anónimos sobre la guerra de Indochina -- _tDos conferencias sobre Viet Nam y Cambodia -- _tDos discursos por Radio Comercial. |
|
| 650 | 4 |
_aGuerra de Vietnam _y1961-1975 _91887 |
|
| 651 | 4 |
_aVietnam _xHistoria _91888 |
|
| 651 | 4 |
_aAsia Sudoriental _xHistoria _91889 |
|
| 651 | 4 |
_aEstados Unidos _xPolítica Militar _91496 |
|
| 910 | _aValidado. Control de EMS | ||
| 942 |
_2ddc _cLBS1 |
||
| 999 |
_c570 _d570 |
||